| Поле | Инд. | ПП | Название | Значение |
|---|---|---|---|---|
| Тип записи | a | |||
| Библиографический уровень | m | |||
| 001 | Контрольный номер | RU/IS/BASE/323435646 | ||
| 005 | Дата корректировки | 20160513103656.0 | ||
| 040 | a | Служба первич. каталог. | НБ ТвГУ | |
| b | Код языка каталог. | rus | ||
| e | Правила каталог. | PSBO | ||
| 041 | 0_ | a | Код языка текста | rus |
| 080 | a | Индекс УДК | 528.7 | |
| 084 | a | Индекс другой классификации/Индекс ББК | Д131 | |
| 090 | a | Полочн. индекс | Д131 | |
| x | Авторский знак | Г 12 | ||
| 100 | 1_ | a | Автор | Гавеман Алексанжр Васильевич |
| q | Полное имя | Гавеман А. В. | ||
| 245 | 10 | a | Заглавие | Аэросъемка и ее значение для народного хозяйства |
| c | Ответственность | НКТП СССР, Ред. база Гос. ин-та геодез. изученности СССР | ||
| 260 | a | Место издания | Москва [и др.] | |
| b | Издательство | Гостоптехиздат | ||
| c | Дата издания | 1934 | ||
| 300 | a | Объем | 13, [1] с., [7] л. ил. | |
| 653 | 0_ | a | Ключевые слова | Аэросъемка |
| 901 | t | Тип документа | m | |
| 920 | a | Оператор | Густ | |
| a | Оператор | Карл | ||
| 952 | c | Вид литературы | К рн | |
| 954 | a | Дата поступления на обработку | 20100405 |